000
00204 a2200097 4500
001
3444
100
_a
Sanger, C
245
_a
Central afreican emergency
260
_a
_b
Heinemann
_c
090
_c
2711
_d
2711
942
_a
NUST-CAE
_c
M
_c
19014
999
_c
238517
_d
238517